000 00843nam a22002417a 4500
005 20250618122610.0
008 231002b ||||| |||| 00| 0 spa d
020 _a84-292-9604-1
040 _dAR-FvUNAJ
082 1 4 _214
_a142
100 _921518
_aHegel, Georg Wilhelm Friedrich
_d1770-1831
245 1 0 _aLecciones sobre la filosofía de la historia universal /
_cGeorg Wilhelm Friedrich Hegel; traductor José Gaos
250 _a4a ed.
260 _aMadrid:
_bRevista de Occidente,
_c1974
300 _a699 p.
440 _921519
_aBiblioteca de Ciencias Históricas
_n4
_pGrandes Temas
502 _aTraducido del alemán.
650 2 7 _9674
_aFILOSOFIA
_2unescot
650 2 7 _9600
_aHISTORIA
_2unescot
700 1 _921520
_aGaos, José
_etrad.
942 _2ddc
_cLIBRO
980 _619226
_a Palazón Marcela I.
_819226
_g Palazón Marcela I.
999 _c10961
_d10961